000 00348nam a2200133Ia 4500
008 240624s9999 xx 000 0 und d
041 _aeng
082 _a658.84 MIC
100 _aMICHAEL DAVID C
245 _aASIAS DIGITAL DIVIDENDS HOW ASIA PACIFIC
260 _c2002
_aSingapore
_bJohn Wiley
300 _axii, : 174 : p. : cm. ; 24
365 _cRS
999 _c1412
_d1412